Rudyard Kipling's verse / (Record no. 77336)
[ view plain ]
| 000 -LEADER | |
|---|---|
| fixed length control field | 00734nam a22002651 4500 |
| 001 - CONTROL NUMBER | |
| control field | 77336 |
| 003 - CONTROL NUMBER IDENTIFIER | |
| rucl marc code | BD-RjUL |
| 005 - DATE AND TIME OF LATEST TRANSACTION | |
| control field | 20211209082948.0 |
| 008 - FIXED-LENGTH DATA ELEMENTS--GENERAL INFORMATION | |
| fixed length control field | 200314s1919 enk 000 1 eng |
| 035 ## - SYSTEM CONTROL NUMBER | |
| System control number | (BD-RjUL)17929 |
| System control number | (OCoLC)4900707 |
| 040 ## - CATALOGING SOURCE | |
| Original cataloging agency | DLC |
| Transcribing agency | LU |
| Modifying agency | DLC |
| -- | BD-RjUL |
| Language of cataloging | eng |
| 041 ## - LANGUAGE CODE | |
| Language code of text/sound track or separate title | eng |
| 082 ## - DEWEY DECIMAL CLASSIFICATION NUMBER | |
| Classification number | 821.89 |
| Author mark and year | KIR 1919 |
| 100 1# - MAIN ENTRY--PERSONAL NAME | |
| Personal name | Kipling, Rudyard, |
| Dates associated with a name | 1865-1936. |
| 9 (RLIN) | 55129 |
| 245 00 - TITLE STATEMENT | |
| Title | Rudyard Kipling's verse / |
| Statement of responsibility, etc. | Rudyard Kipling |
| 250 ## - EDITION STATEMENT | |
| Edition statement | Inclusive edition |
| 260 ## - PUBLICATION, DISTRIBUTION, ETC. (IMPRINT) | |
| Place of publication, distribution, etc. | London : |
| Name of publisher, distributor, etc. | Hodder and Stoughton limited, |
| Date of publication, distribution, etc. | 1954. |
| 300 ## - PHYSICAL DESCRIPTION | |
| Pagination | V. ; |
| Size | 22 cm. |
| 505 ## - FORMATTED CONTENTS NOTE | |
| Formatted contents note | Vol. 1885-1918.--V.2.-- V.3.-- |
| 650 ## - SUBJECT ADDED ENTRY--TOPICAL TERM | |
| Topical term or geographic name as entry element | Poets |
| Form subdivision | English |
| 9 (RLIN) | 55150 |
| 942 ## - ADDED ENTRY ELEMENTS (KOHA) | |
| Source of classification or shelving scheme | Dewey Decimal Classification |
| Koha item type | Books |
| Lost status | Source of classification or shelving scheme | Damaged status | Not for loan | Collection code | Permanent Location | Current Location | Shelving location | Date acquired | Total Checkouts | Full call number | Date last seen | Copy number | Koha item type |
|---|---|---|---|---|---|---|---|---|---|---|---|---|---|
| Dewey Decimal Classification | Non-fiction | Central Library, University of Rajshahi | Central Library, University of Rajshahi | 15/03/2020 | 821.89 KIR 1919 V-1 | 15/03/2020 | C-2 | Books | |||||
| Dewey Decimal Classification | Non-fiction | Central Library, University of Rajshahi | Central Library, University of Rajshahi | 15/03/2020 | 821.89 KIR 1919 V-2 | 15/03/2020 | C-2 | Books | |||||
| Dewey Decimal Classification | Non-fiction | Central Library, University of Rajshahi | Central Library, University of Rajshahi | 15/03/2020 | 821.89 KIR 1919 V-3 | 15/03/2020 | C-2 | Books |